000 00393cam a2200157ua 4500
041 _aeng
_h
082 _a828.09
_bBOU/AN
100 _aBoulton, Marjorie .
245 _aAnatomy of poetry /
_cMarjorie Boulton.
_hTextual Documents
250 _a1 /
_b.
260 _aLondon :
_bRoutledge & Kegan Paul Ltd ,
_c1962.
300 _a189 ; .
504 _a
942 _cBK
999 _c8681
_d8681